000 01708cam a22004694i 4500
003 PE-LiUPU
005 20250731173458.0
008 150616s r 000 0 d
020 _a066425201X
035 _a(Sirsi) i9780664252014
040 _aPE-LiUPU
_bspa
_cPE-LiUPU
_erda
049 _aPRUA
082 0 4 _a227.06
_bR74
_221
100 1 _aRoetzel, Calvin J.,
_eautor.
245 1 4 _aThe Letters of Paul /
_cCalvin J. Roetzel.
264 1 _aLouisville, Kentucky :
_bWestminster/John Knox Press,
_c1991.
300 _a217 páginas ;
_c23 centímetros
336 _atext
_2rdacontent
337 _aunmediated
_2rdamedia
338 _avolume
_2rdacarrier
504 _aIncluye bibliografía.
505 0 _aPaul and his world -- The anatomy of the letters -- traditions behind the letters -- The letters as conversations -- Paul and his myths -- The first interpreters of Paul -- Currents and crosscurrents.
526 _aSEG42
526 _aSEG41
526 _aSEG40
526 _aSEG39
526 _aP94
526 _aP87
526 _aP86
526 _aP85
526 _aP77
526 _aP76
526 _aP35
630 _aBiblia.
_pN.T.
_pEpístolas paulinas
_xCrítica, interpretación, etc.
910 _ajck
_bjvq
_cjck
942 _2ddc
_cBOOK
949 _a227.06 R74
_wDEWEY
_c1
_i40182
_lCCODEBUL1
_mBUL
_r0
_sY
_tBOOK
_u2015-6-16
_xTEOLOGIA
_zUNKNOWN
_0COMPRA
_o.STAFF. Colección General
994 _aC0
_bPEPRU
596 _a1
999 _a227.06 R74
_wDEWEY
_c57977
_i40182
_f2021-11-9
_g5
_lCCODEBUL1
_mBUL
_r0
_sY
_tBOOK
_u2015-6-16
_xTEOLOGIA
_zUNKNOWN
_0COMPRA
_o.STAFF. Colección General
_d57977
980 _81
_gALBERTO SANCHEZ Responsable de Automatización